| 000 | 00512nam a22001457a 4500 | ||
|---|---|---|---|
| 003 | macl | ||
| 005 | 20180410171047.0 | ||
| 008 | 180410b xxu||||| |||| 00| 0 eng d | ||
| 040 | _cmacl | ||
| 100 |
_aराधाबल्लभ त्रिपाठी _971935 |
||
| 245 | _aसंड्क्षिप्तनाट्यशास्ऋम् | ||
| 260 |
_aनई दिल्ल्ी _bअरूणोदय प्रकाशन _c2016 |
||
| 650 |
_aनाटक _971936 |
||
| 942 |
_2ddc _cHIN |
||
| 999 |
_c57653 _d57653 |
||